000 01204cam a22003737a 4500
003 CHAP
005 20230208175654.0
008 971013s1973 r 00010 d
010 _a17309
011 _a18281
035 _a22366
040 _cCHAP
082 _a658.4032
_bJ6 1973
100 1 0 _aJohnson, Richard Arnold
_d1937-
_961865
245 1 4 _aThe theory and management of system
250 _a3 ed.
260 _aTokyo :
_bMacGraw-Hill Kogakusha,
_c1973
300 _a539 p
490 0 _aMacGraw-Hill series in management
590 _aBATCH-UPD
_b10
_c20130110
_lUCH01
_h0142
590 _aBATCH-UPD
_b10
_c20130110
_lUCH01
_h1738
590 _aBATCH-UPD
_b10
_c20130410
_lUCH01
_h1118
590 _aBATCH-UPD
_b10
_c20130914
_lUCH01
_h0350
590 _aCONVERSION
_b10
_c20130109
_lUCH01
_h1311
650 1 4 _aAnálisis de sistemas.
_95976
650 1 4 _aIndustria
_xAdministración.
_957683
650 1 4 _aOperaciones
_xInvestigación.
_983361
700 0 _aKast, Fremont E.
_962782
700 0 _aRosenzweig, James E.
_9100145
830 0 _aMacGraw-Hill series in management
_969382
901 _aBK
942 _cLIBRO
949 _a658.4032 J6 1973
_bBC
_cLIBRO
_d33724000118329
_eLIBRO
_i22366
_si
999 _c17309
_d17309